header

Going lean (Record no. 35821)

MARC details
000 -LEADER
fixed length control field 01555nam a2200385Ia 4500
100 1# - MAIN ENTRY--AUTHOR NAME
Personal name Smith, Amy C.,
245 10 - TITLE STATEMENT
Title Going lean
260 ## - PUBLICATION, DISTRIBUTION, ETC. (IMPRINT)
Place of publication Chicago, IL :
Name of publisher Health Administration Press,
Year of publication c2008.
300 ## - PHYSICAL DESCRIPTION
Number of Pages xiv, 191 p. :
Other physical details ill.
490 1# - SERIES STATEMENT
Series statement American College of Healthcare Executives management series
650 #0 - SUBJECT ADDED ENTRY--TOPICAL TERM
Topical Term Health facilities
Topical Term Hospital care
Topical Term Hospital utilization.
Topical Term Patient satisfaction.
Topical Term Total quality management.
700 1# - ADDED ENTRY--PERSONAL NAME
Personal name Barry, Robert,
Personal name Brubaker, Cliff.
856 40 - ELECTRONIC LOCATION AND ACCESS
Uniform Resource Identifier http://site.ebrary.com/lib/rucke/Doc?id=10251371

No items available.

© 2026 Rongo University
Contact us: librarian | system librarian | Rongo university